000
00309nam a22001337a 4500
008
181102b xxu||||| |||| 00| 0 eng d
020
_a
9781609133450
041
_a
eng
080
_2
7th
_a
540
100
_a
12
101
_a
KIM
245
_a
Principles of Medicinal Chemistry
_c
Lemke,Th.L
942
_2
udc
_c
BK
999
_c
51587
_d
51587